000 00684cam a2200241 a 4500
020 _a0471195731 (paper : alk. paper)
020 _a0471298077 (cloth : alk. paper)
040 _cDLC
082 0 0 _a025 WIL 1998 A002 Or.
100 1 _aGralla, Preston
245 1 0 _aOnline family :
_byour guide to fun and discovery in cyberspace /
260 _aNew York :
_bWiley,
_cc1998
300 _axii, 354 p. :
_bill., map ;
_c24 cm
500 _aIncludes index
650 0 _aFamilies
650 0 _aFamily recreation
650 0 _aHome economics
650 0 _aConsumer education
650 0 _aComputers and families
650 0 _aWorld Wide Web
650 0 _aInternet
942 _cEK
999 _c16662
_d16662